[Event "Oberliga NRW 2223"]
[Site "Germany"]
[Date "2022.09.11"]
[Round "1.3"]
[White "Kartsev, Soel"]
[Black "Kotter, Ralf"]
[Result "0-1"]
[WhiteElo "2162"]
[BlackElo "2354"]
[PlyCount "64"]
[EventDate "2022.09.11"]
[EventType "team-tourn"]
[EventRounds "9"]
[EventCountry "GER"]
[SourceTitle "EXT 2025"]
[Source "ChessBase"]
[SourceDate "2024.10.14"]
[SourceVersion "1"]
[SourceVersionDate "2024.10.14"]
[SourceQuality "1"]
[WhiteTeam "Brackel"]
[BlackTeam "Dortmund Hansa"]
[WhiteTeamCountry "GER"]
[BlackTeamCountry "GER"]

1. d4 Nf6 2. c4 e6 3. Nf3 b6 4. g3 Ba6 5. Nbd2 d5 6. Bg2 Bd6 7. 0-0 0-0 8. Ne5 Bb7 9. cxd5 exd5 10. Ndc4 Be7 11. Ne3 g6 12. f4 Nbd7 13. Qb3 c6 14. f5 Qc7 15. N3g4 Nxe5 16. Nxe5 Nd7 17. Bh6 Nxe5 18. Bxf8 Rxf8 19. dxe5 Qxe5 20. fxg6 hxg6 21. Qc2 Bc5+ 22. Kh1 Kg7 23. a3 Bd4 24. Rab1 Rh8 25. Rf3 Bc8 26. Rf4 Be3 27. Rbf1 Bxf4 28. Rxf4 c5 29. b4 d4 30. bxc5 bxc5 31. Re4 Qxg3 32. h4 Bb7 0-1

[Event "BL2-West 2122"]
[Site "Germany"]
[Date "2022.03.05"]
[Round "1.3"]
[White "Bethke, Richard"]
[Black "Kotter, Ralf"]
[Result "1-0"]
[WhiteElo "2327"]
[BlackElo "2335"]
[PlyCount "59"]
[EventDate "2022.03.05"]
[EventType "team-tourn"]
[EventRounds "10"]
[EventCountry "GER"]
[SourceTitle "EXT 2023"]
[Source "ChessBase"]
[SourceDate "2022.10.05"]
[SourceVersion "1"]
[SourceVersionDate "2022.10.05"]
[SourceQuality "1"]
[WhiteTeam "Neuberg"]
[BlackTeam "Dortmund Hansa"]
[WhiteTeamCountry "GER"]
[BlackTeamCountry "GER"]

1. e4 c5 2. Nf3 e6 3. d4 cxd4 4. Nxd4 a6 5. Bd3 Nf6 6. 0-0 Qc7 7. Kh1 Bc5 8. Nb3 Be7 9. f4 d6 10. c4 b6 11. Nc3 Nbd7 12. a4 Rb8 13. Be3 h5 14. Nd2 h4 15. Be2 Bb7 16. Bf3 g6 17. Rc1 Rc8 18. b4 Qb8 19. Qe2 Kf8 20. f5 gxf5 21. exf5 h3 22. fxe6 Bxf3 23. Nxf3 hxg2+ 24. Qxg2 Rxc4 25. exd7 Rg4 26. Qd2 Qa8 27. Nb5 Kg7 28. Nxd6 Bxd6 29. Qxd6 Qe4 30. Bd4 1-0

[Event "BL2-West 1819"]
[Site "Germany"]
[Date "2018.12.16"]
[Round "4.7"]
[White "Olesiak, Marcin"]
[Black "Kotter, Ralf"]
[Result "1-0"]
[WhiteElo "2015"]
[BlackElo "2390"]
[PlyCount "90"]
[EventDate "2018.11.21"]
[EventType "team-tourn"]
[EventRounds "9"]
[EventCountry "GER"]
[SourceTitle "CBM 190 Extra"]
[Source "ChessBase"]
[SourceDate "2019.07.15"]
[SourceVersion "1"]
[SourceVersionDate "2019.07.15"]
[SourceQuality "1"]
[WhiteTeam "Oberursel"]
[BlackTeam "Dortmund Hansa"]
[WhiteTeamCountry "GER"]
[BlackTeamCountry "GER"]

1. e4 c5 2. Nc3 Nc6 3. f4 g6 4. Nf3 Bg7 5. Bb5 Nd4 6. 0-0 Nxb5 7. Nxb5 a6 8. Nc3 d6 9. d3 Nf6 10. Qe1 0-0 11. Qh4 e6 12. f5 Nd7 13. Bg5 f6 14. fxg6 hxg6 15. Be3 Rf7 16. Qg3 Nf8 17. e5 dxe5 18. Bxc5 g5 19. Nxe5 Qc7 20. Nxf7 Qxc5+ 21. Kh1 Kxf7 22. Ne4 Qe7 23. Qg4 Nh7 24. Qh5+ Kg8 25. Rae1 Bd7 26. d4 Be8 27. Qh3 Rd8 28. Nc5 e5 29. Qe6+ Qxe6 30. Nxe6 Rc8 31. Nxg7 Kxg7 32. dxe5 fxe5 33. Rxe5 Bb5 34. Rf2 Rd8 35. h3 Rd7 36. Kh2 Bc6 37. c3 Kg6 38. h4 Nf6 39. Rxg5+ Kf7 40. g4 Rd6 41. h5 Ke7 42. Rg7+ Ke8 43. h6 Ne4 44. h7 Rh6+ 45. Kg2 Nxf2+ 1-0

[Event "BL2-West 1819"]
[Site "Germany"]
[Date "2018.11.11"]
[Round "2.5"]
[White "Lenaerts, Lennert"]
[Black "Kotter, Ralf"]
[Result "1/2-1/2"]
[WhiteElo "2364"]
[BlackElo "2387"]
[PlyCount "55"]
[EventDate "2018.11.21"]
[EventType "team-tourn"]
[EventRounds "9"]
[EventCountry "GER"]
[SourceTitle "CBM 190 Extra"]
[Source "ChessBase"]
[SourceDate "2019.07.15"]
[SourceVersion "1"]
[SourceVersionDate "2019.07.15"]
[SourceQuality "1"]
[WhiteTeam "Aachen DJK II"]
[BlackTeam "Dortmund Hansa"]
[WhiteTeamCountry "GER"]
[BlackTeamCountry "GER"]

1. d4 Nf6 2. c4 e6 3. Nc3 Bb4 4. Qc2 c5 5. dxc5 Bxc5 6. Nf3 Qb6 7. e3 Qc7 8. Be2 b6 9. b3 a6 10. Bb2 Bb7 11. Rc1 Be7 12. Qb1 d6 13. h3 Nbd7 14. 0-0 0-0 15. Rfd1 Rac8 16. Nd4 Qb8 17. Bf3 Nc5 18. Bxb7 Qxb7 19. Qc2 Rfd8 20. Qe2 Rc7 21. Nf3 Nce4 22. Nxe4 Nxe4 23. Nd2 Nf6 24. Qf3 Qxf3 25. Nxf3 Ne4 26. Bd4 Rc6 27. Bb2 Rdc8 28. Kf1 1/2-1/2

[Event "BL2-West 1617"]
[Site "Germany"]
[Date "2017.03.19"]
[Round "7.7"]
[White "Baltic, Fatih"]
[Black "Kotter, Ralf"]
[Result "1/2-1/2"]
[WhiteElo "2258"]
[BlackElo "2377"]
[PlyCount "80"]
[EventDate "2016.10.16"]
[EventType "team-tourn"]
[EventRounds "9"]
[EventCountry "GER"]
[SourceTitle "EXT 2018"]
[Source "ChessBase"]
[SourceDate "2017.10.13"]
[SourceVersion "1"]
[SourceVersionDate "2017.10.13"]
[SourceQuality "1"]
[WhiteTeam "Bochum"]
[BlackTeam "Dortmund Hansa"]
[WhiteTeamCountry "GER"]
[BlackTeamCountry "GER"]

1. e4 c5 2. Nf3 e6 3. d4 cxd4 4. Nxd4 a6 5. Bd3 Bc5 6. Nb3 Be7 7. Qg4 g6 8. Qe2 d6 9. c4 Qc7 10. Nc3 b6 11. Be3 Nd7 12. f4 Ngf6 13. 0-0 Bb7 14. Rae1 Rc8 15. Bd4 e5 16. Nd5 Nxd5 17. exd5 0-0 18. Bc3 Bh4 19. g3 Bf6 20. Nd2 exf4 21. Bxf6 Nxf6 22. Rxf4 Rce8 23. Qf2 Rxe1+ 24. Qxe1 Nd7 25. Ne4 Ne5 26. Nf6+ Kg7 27. Be2 b5 28. b3 bxc4 29. Bxc4 a5 30. Qe3 h5 31. Rf2 Bc8 32. Kg2 a4 33. Qg5 Rh8 34. h3 axb3 35. Bxb3 Ba6 36. Ne4 Qd8 37. Nf6 Qc7 38. Ne4 Qd8 39. Nf6 Qb8 40. Ne4 Qd8 1/2-1/2

[Event "BL2-West 1617"]
[Site "Germany"]
[Date "2016.11.20"]
[Round "2.5"]
[White "Kotter, Ralf"]
[Black "Korneev, Oleg"]
[Result "1/2-1/2"]
[WhiteElo "2377"]
[BlackElo "2582"]
[PlyCount "100"]
[EventDate "2016.10.16"]
[EventType "team-tourn"]
[EventRounds "9"]
[EventCountry "GER"]
[SourceTitle "EXT 2018"]
[Source "ChessBase"]
[SourceDate "2017.10.13"]
[SourceVersion "1"]
[SourceVersionDate "2017.10.13"]
[SourceQuality "1"]
[WhiteTeam "Dortmund Hansa"]
[BlackTeam "Koeln Porz"]
[WhiteTeamCountry "GER"]
[BlackTeamCountry "GER"]

1. e4 c5 2. Nf3 e6 3. d4 cxd4 4. Nxd4 Nc6 5. Nc3 a6 6. Be3 Nf6 7. Bd3 Qc7 8. Nxc6 bxc6 9. f4 d5 10. e5 Nd7 11. Na4 c5 12. c4 d4 13. Bd2 Bb7 14. 0-0 Qc6 15. Rf2 f5 16. Be2 Be7 17. Bf3 Qc7 18. Bxb7 Qxb7 19. b3 0-0 20. Qe2 a5 21. Rf3 Nb6 22. Nxb6 Qxb6 23. a4 g6 24. Raf1 Qc6 25. Rd3 Qe4 26. Re1 Qxe2 27. Rxe2 Kf7 28. g3 h6 29. Rg2 g5 30. Kf1 Rg8 31. Ke2 gxf4 32. Bxf4 Bg5 33. Rf2 h5 34. Bxg5 Rxg5 35. Rf4 Rh8 36. Kf2 h4 37. gxh4 Rg4 38. Rxg4 fxg4 39. Kg3 Rh5 40. Kxg4 Rxe5 41. h5 Kg7 42. Rd2 Kh6 43. Kf4 Re1 44. Rg2 d3 45. Kf3 e5 46. Rd2 e4+ 47. Kf2 Rc1 48. Ke3 Re1+ 49. Kf2 Rh1 50. Ke3 Re1+ 1/2-1/2

[Event "Bundesliga 1516"]
[Site "Germany"]
[Date "2016.03.13"]
[Round "11.2"]
[White "Kotter, Ralf"]
[Black "Bobras, Piotr"]
[Result "0-1"]
[WhiteElo "2364"]
[BlackElo "2531"]
[PlyCount "80"]
[EventDate "2015.09.18"]
[EventType "team-tourn"]
[EventRounds "15"]
[EventCountry "GER"]
[SourceTitle "CBM 172"]
[Source "ChessBase"]
[SourceDate "2016.05.12"]
[SourceVersion "1"]
[SourceVersionDate "2016.05.12"]
[SourceQuality "1"]
[WhiteTeam "Dortmund Hansa"]
[BlackTeam "Trier"]
[WhiteTeamCountry "GER"]
[BlackTeamCountry "GER"]

1. e4 c5 2. Nf3 Nc6 3. Bb5 d6 4. 0-0 Bd7 5. Re1 Nf6 6. c3 a6 7. Bf1 Bg4 8. h3 Bxf3 9. Qxf3 g6 10. Qd1 Bg7 11. d3 0-0 12. Nd2 b5 13. Nf3 b4 14. d4 Nd7 15. Be3 bxc3 16. bxc3 Qa5 17. Qd3 Rfb8 18. Rec1 Rb2 19. Rc2 cxd4 20. Rxb2 dxe3 21. Rc1 exf2+ 22. Rxf2 Qc7 23. Rb2 Nc5 24. Qe3 Ne5 25. Nxe5 Bxe5 26. Rb4 Kg7 27. Rc2 e6 28. Be2 Qe7 29. Qf3 Rc8 30. Rc1 Qg5 31. Rf1 Rc7 32. Rd1 Qh4 33. Rc4 a5 34. Rf1 Qg5 35. Rd1 Rb7 36. Rcd4 Rb2 37. Rxd6 Bxd6 38. Rxd6 Qe5 39. Rd4 Rxa2 40. Rc4 Ra4 0-1

[Event "NRW Class1 1415"]
[Site "Germany"]
[Date "2015.04.26"]
[Round "9.3"]
[White "Schleining, Zoya"]
[Black "Kotter, Ralf"]
[Result "0-1"]
[WhiteElo "2358"]
[BlackElo "2273"]
[PlyCount "208"]
[EventDate "2014.09.14"]
[EventType "team-tourn"]
[EventRounds "9"]
[EventCountry "GER"]
[SourceTitle "EXT 2017"]
[Source "ChessBase"]
[SourceDate "2016.10.25"]
[SourceVersion "1"]
[SourceVersionDate "2016.10.25"]
[SourceQuality "1"]
[WhiteTeam "Letmathe"]
[BlackTeam "Dortmund Hansa II"]
[WhiteTeamCountry "GER"]
[BlackTeamCountry "GER"]

1. Nf3 d5 2. d4 Nf6 3. c4 e6 4. Nc3 Bb4 5. Qa4+ Nc6 6. Bg5 h6 7. Bxf6 Qxf6 8. e3 0-0 9. Rc1 Qg6 10. Qc2 Qxc2 11. Rxc2 Rd8 12. a3 Bf8 13. Be2 Ne7 14. 0-0 Bd7 15. Rfc1 c6 16. Ne5 Be8 17. c5 f6 18. Nd3 Bg6 19. Rd2 Bh7 20. Nf4 Kf7 21. Bh5+ g6 22. Bg4 f5 23. Bd1 Bg7 24. Nd3 g5 25. Ne2 Bg6 26. h3 Bh5 27. f3 Bg6 28. Bc2 Bh7 29. Ne5+ Kg8 30. f4 Ng6 31. g3 a5 32. Nxg6 Bxg6 33. Nc3 Bf6 34. Rg2 Kf7 35. Rf1 Rg8 36. Ne2 Ke7 37. Kh2 Bf7 38. Rgf2 Bh5 39. fxg5 Bxg5 40. Nf4 Bxf4 41. exf4 b6 42. Re1 Kd7 43. cxb6 Rab8 44. Ba4 Rxb6 45. b3 Kd6 46. Rc2 Rc8 47. Rc5 Ra6 48. Kg2 Rc7 49. Kf2 Rc8 50. Rec1 Rc7 51. Ke3 Rc8 52. R1c3 Rc7 53. Kd2 Rc8 54. Re3 Rc7 55. Rc1 Rb6 56. Rec3 Rc8 57. Rg1 Rg8 58. g4 Bf7 59. Rgg3 fxg4 60. hxg4 h5 61. gxh5 Rxg3 62. Rxg3 Bxh5 63. Rg7 Ra6 64. Rb7 Ra8 65. Ke3 Rg8 66. Rb6 Rg3+ 67. Kd2 Be8 68. Rb8 Bd7 69. Rf8 Ke7 70. Ra8 Rf3 71. Rxa5 Rxf4 72. Kc3 Rf3+ 73. Kd2 Kd6 74. Ra7 Be8 75. Rg7 Bf7 76. Rg5 c5 77. dxc5+ Kxc5 78. Ke2 Rh3 79. Kd2 Kd4 80. Rg4+ Ke5 81. Rb4 Bg6 82. Bd7 Rh2+ 83. Ke1 Bf5 84. a4 Ra2 85. Rh4 d4 86. Bb5 d3 87. Bc4 Be4 88. b4 d2+ 89. Kd1 Bf3+ 90. Be2 Ra1+ 91. Kxd2 Ra2+ 92. Ke3 Bxe2 93. Re4+ Kd5 94. Rd4+ Kc6 95. Re4 Kd6 96. Rd4+ Ke7 97. b5 Bf1 98. Rb4 Bg2 99. b6 Bb7 100. Rc4 Kd6 101. Rc7 Bc6 102. Rc8 Rxa4 103. Rd8+ Kc5 104. Rd2 Rf4 0-1

[Event "Bundesliga 1415"]
[Site "Germany"]
[Date "2015.02.22"]
[Round "11.7"]
[White "Medvegy, Zoltan"]
[Black "Kotter, Ralf"]
[Result "1-0"]
[WhiteElo "2510"]
[BlackElo "2339"]
[PlyCount "99"]
[EventDate "2014.10.18"]
[EventType "team-tourn"]
[EventRounds "15"]
[EventCountry "GER"]
[SourceTitle "CBM 165"]
[Source "ChessBase"]
[SourceDate "2015.03.11"]
[SourceVersion "1"]
[SourceVersionDate "2015.03.11"]
[SourceQuality "1"]
[WhiteTeam "Eppingen"]
[BlackTeam "Dortmund Hansa"]
[WhiteTeamCountry "GER"]
[BlackTeamCountry "GER"]

1. Nf3 Nf6 2. c4 e6 3. g3 b6 4. Bg2 Bb7 5. d4 Bb4+ 6. Bd2 Be7 7. Nc3 d5 8. cxd5 Nxd5 9. Nxd5 exd5 10. 0-0 0-0 11. b4 Nd7 12. Qb3 c6 13. a4 Bd6 14. Bf4 Qe7 15. Bxd6 Qxd6 16. Rfc1 Rfe8 17. e3 a5 18. bxa5 Rxa5 19. Ne5 b5 20. Nxd7 Qxd7 21. axb5 Rxb5 22. Qa3 Qe7 23. Qxe7 Rxe7 24. Bf1 Rb6 25. Ra7 Kf8 26. Bd3 g6 27. Kg2 f6 28. g4 Kf7 29. Kg3 Ke6 30. h4 Kf7 31. g5 Kg7 32. Rb1 Rxb1 33. Bxb1 Kf7 34. Bc2 Ke6 35. Kf4 f5 36. h5 Kd6 37. hxg6 hxg6 38. Bd3 c5 39. dxc5+ Kxc5 40. f3 Kb6 41. Ra2 Bc6 42. Rc2 Bd7 43. Rc3 Bc6 44. Bc2 Bd7 45. Bb3 Bc6 46. Rc1 Kb5 47. Ba4+ Kxa4 48. Rxc6 Rg7 49. Ke5 Re7+ 50. Kd4 1-0

[Event "Bundesliga 1415"]
[Site "Germany"]
[Date "2015.02.01"]
[Round "9.8"]
[White "Andersen, Mads"]
[Black "Kotter, Ralf"]
[Result "1/2-1/2"]
[WhiteElo "2485"]
[BlackElo "2339"]
[PlyCount "132"]
[EventDate "2014.10.18"]
[EventType "team-tourn"]
[EventRounds "15"]
[EventCountry "GER"]
[SourceTitle "CBM 165"]
[Source "ChessBase"]
[SourceDate "2015.03.11"]
[SourceVersion "1"]
[SourceVersionDate "2015.03.11"]
[SourceQuality "1"]
[WhiteTeam "Solingen"]
[BlackTeam "Dortmund Hansa"]
[WhiteTeamCountry "GER"]
[BlackTeamCountry "GER"]

1. Nf3 Nf6 2. g3 b6 3. Bg2 Bb7 4. 0-0 e6 5. c4 Be7 6. d4 0-0 7. Re1 d5 8. cxd5 exd5 9. Nc3 Nbd7 10. Bf4 a6 11. Ne5 Re8 12. Qb3 Nf8 13. e4 c6 14. Be3 Ng6 15. Rad1 Bf8 16. h4 b5 17. exd5 cxd5 18. Bg5 Ne7 19. a4 Rb8 20. axb5 axb5 21. Qxb5 Ba8 22. Qa6 Rb6 23. Qa2 h6 24. Bxf6 Rxf6 25. b4 Qd6 26. b5 Rc8 27. Qb3 Rd8 28. Ng4 Re6 29. Ne3 g6 30. Na4 h5 31. Nc5 Rf6 32. Ra1 Qb8 33. Ra6 Rb6 34. Qa4 Bh6 35. Nc2 Nf5 36. Ra1 Rxa6 37. Qxa6 Bg7 38. Ra4 Kh7 39. b6 Bc6 40. Rb4 Qd6 41. Nb7 Bxb7 42. Qxb7 Rb8 43. Qa7 Ne7 44. b7 Nc6 45. Qb6 Qd7 46. Rb5 Ne7 47. Kh2 Bh8 48. Bh3 f5 49. Bg2 Bg7 50. Kg1 Bh8 51. Bf1 Bg7 52. Rb3 f4 53. Kh2 fxg3+ 54. fxg3 Qf5 55. Ne3 Qd7 56. Bh3 Qa4 57. Rb4 Qa3 58. Nc2 Qc3 59. Qc5 Qd2+ 60. Bg2 Nf5 61. Qc7 Nh6 62. Qxb8 Ng4+ 63. Kh3 Nf2+ 64. Kh2 Ng4+ 65. Kh3 Nf2+ 66. Kh2 Ng4+ 1/2-1/2

[Event "Bundesliga 1415"]
[Site "Germany"]
[Date "2015.01.31"]
[Round "8.8"]
[White "Kotter, Ralf"]
[Black "Feygin, Michael"]
[Result "1-0"]
[WhiteElo "2339"]
[BlackElo "2488"]
[PlyCount "81"]
[EventDate "2014.10.18"]
[EventType "team-tourn"]
[EventRounds "15"]
[EventCountry "GER"]
[SourceTitle "CBM 165"]
[Source "ChessBase"]
[SourceDate "2015.03.11"]
[SourceVersion "1"]
[SourceVersionDate "2015.03.11"]
[SourceQuality "1"]
[WhiteTeam "Dortmund Hansa"]
[BlackTeam "Muelheim Nord"]
[WhiteTeamCountry "GER"]
[BlackTeamCountry "GER"]

1. e4 e6 2. d4 d5 3. e5 c5 4. c3 Bd7 5. Nf3 Nc6 6. a3 c4 7. g3 Nge7 8. h4 Na5 9. Nbd2 Nc8 10. h5 h6 11. Nh4 Nb6 12. f4 Qc7 13. Bh3 Be7 14. Ng2 0-0-0 15. Ne3 Kb8 16. 0-0 Rdg8 17. Qf3 a6 18. Rb1 Ka7 19. Rf2 Qc6 20. Ng2 Qb5 21. f5 Rf8 22. fxe6 fxe6 23. Nf4 Rf7 24. Qe2 Rhf8 25. Nf3 Qc6 26. Be3 Bg5 27. Rbf1 Bxf4 28. Bxf4 Nc8 29. Nh4 Ne7 30. Qg4 Qc8 31. Ng6 Re8 32. Nxe7 Rexe7 33. Bg5 Rxf2 34. Bxe7 Rxf1+ 35. Kxf1 Qe8 36. Qxg7 Qxh5 37. Bc5+ Kb8 38. Qf8+ Kc7 39. Qd6+ Kc8 40. Qf8+ Kc7 41. Bb6+ 1-0

[Event "NRW Class1 1415"]
[Site "Germany"]
[Date "2015.01.11"]
[Round "5.5"]
[White "Kotter, Ralf"]
[Black "Georg, Heinz"]
[Result "1-0"]
[WhiteElo "2273"]
[BlackElo "2160"]
[PlyCount "69"]
[EventDate "2014.09.14"]
[EventType "team-tourn"]
[EventRounds "9"]
[EventCountry "GER"]
[SourceTitle "EXT 2017"]
[Source "ChessBase"]
[SourceDate "2016.10.25"]
[SourceVersion "1"]
[SourceVersionDate "2016.10.25"]
[SourceQuality "1"]
[WhiteTeam "Dortmund Hansa II"]
[BlackTeam "Kamen"]
[WhiteTeamCountry "GER"]
[BlackTeamCountry "GER"]

1. e4 e5 2. Nf3 Nf6 3. Nxe5 d6 4. Nf3 Nxe4 5. Nc3 Nf6 6. d4 Be7 7. Bg5 0-0 8. Qd2 d5 9. 0-0-0 Nc6 10. Ne5 Bf5 11. f3 h6 12. g4 Bh7 13. Bf4 Nb4 14. Nd3 c6 15. h4 Qa5 16. a3 Na6 17. Kb1 b5 18. Nxd5 Qd8 19. Nxe7+ Qxe7 20. Ne5 Nd5 21. Bd3 Bxd3 22. Nxd3 b4 23. axb4 Nxf4 24. Nxf4 Nxb4 25. g5 Rab8 26. gxh6 Qf6 27. Rhg1 Qxh6 28. Rg5 Rfd8 29. Rdg1 Qxh4 30. Rxg7+ Kf8 31. Qe3 Qh8 32. Rxf7+ Kxf7 33. Qe6+ Kf8 34. Ng6+ Kg7 35. Ne5+ 1-0

[Event "NRW Class2 1314"]
[Site "Germany"]
[Date "2014.04.06"]
[Round "8.1"]
[White "Kniest, Oliver"]
[Black "Kotter, Ralf"]
[Result "1/2-1/2"]
[WhiteElo "2257"]
[BlackElo "2291"]
[PlyCount "96"]
[EventDate "2013.09.15"]
[EventType "team-tourn"]
[EventRounds "9"]
[EventCountry "GER"]
[SourceTitle "EXT 2015"]
[Source "ChessBase"]
[SourceDate "2014.11.20"]
[SourceVersion "1"]
[SourceVersionDate "2014.11.20"]
[SourceQuality "1"]
[WhiteTeam "Solingen III"]
[BlackTeam "Dortmund Hansa II"]
[WhiteTeamCountry "GER"]
[BlackTeamCountry "GER"]

1. d4 Nf6 2. Nf3 e6 3. e3 b6 4. Bd3 Bb7 5. 0-0 c5 6. c4 Be7 7. Nc3 cxd4 8. exd4 0-0 9. d5 Na6 10. Bf4 d6 11. dxe6 fxe6 12. Ng5 e5 13. Bg3 Nc7 14. Bc2 Qe8 15. Qd3 Qh5 16. f4 Rad8 17. Nd5 Nfxd5 18. cxd5 Bxg5 19. fxg5 Rxf1+ 20. Rxf1 Ba6 21. Qf3 Qxf3 22. Rxf3 Bb7 23. g6 hxg6 24. Bxg6 Bxd5 25. Bh4 Rd7 26. Rc3 Bf7 27. Bf5 Be6 28. Rxc7 Bxf5 29. Rxd7 Bxd7 30. Be7 d5 31. Bd6 e4 32. Be5 Kf7 33. Kf2 g6 34. Ke3 Ke6 35. Bc3 Bb5 36. Kd4 Bf1 37. g3 Bc4 38. b3 Bd3 39. Bd2 Bb1 40. a3 Bc2 41. b4 Bb3 42. Bf4 a5 43. bxa5 bxa5 44. Bc7 a4 45. Bb6 Kf5 46. Ke3 Kg4 47. Kf2 Kh3 48. Kg1 Kg4 1/2-1/2

[Event "BL2-West 1213"]
[Site "Germany"]
[Date "2013.03.17"]
[Round "8.3"]
[White "Dambacher, Martijn"]
[Black "Kotter, Ralf"]
[Result "1/2-1/2"]
[WhiteElo "2471"]
[BlackElo "2354"]
[PlyCount "90"]
[EventDate "2012.10.14"]
[EventType "team-tourn"]
[EventRounds "9"]
[EventCountry "GER"]
[SourceTitle "CBM 154 Extra"]
[Source "ChessBase"]
[SourceDate "2013.06.25"]
[SourceVersion "2"]
[SourceVersionDate "2013.06.25"]
[SourceQuality "1"]
[WhiteTeam "Aachen Aufwaerts"]
[BlackTeam "Dortmund Hansa"]
[WhiteTeamCountry "GER"]
[BlackTeamCountry "GER"]

1. d4 Nf6 2. c4 e6 3. Nc3 Bb4 4. Bg5 h6 5. Bh4 d5 6. e3 c6 7. a3 Be7 8. Qc2 Nbd7 9. Nf3 Nh5 10. Bg3 Nxg3 11. hxg3 Qa5 12. g4 dxc4 13. Bxc4 e5 14. Qf5 Rf8 15. Qh7 Nb6 16. Nxe5 Nxc4 17. Nxc4 Qg5 18. Ne5 Bxg4 19. f4 Bf5 20. fxg5 Bxh7 21. gxh6 Rg8 22. Ne2 Bg5 23. hxg7 Rxg7 24. Kf2 0-0-0 25. Rh5 f6 26. Nf3 Re8 27. Nf4 Be4 28. Rah1 Bxf4 29. exf4 Reg8 30. R1h2 Rg4 31. R5h4 Rg3 32. R4h3 R3g7 33. g3 Bf5 34. Rh8 Kd7 35. Rxg8 Rxg8 36. Rh5 Be4 37. f5 Rg7 38. Nd2 Bd3 39. Nb3 b6 40. Nc1 Bc2 41. Ne2 Bd1 42. Rh3 Bc2 43. Rh5 Bd1 44. Rh6 Ke7 45. Nf4 Bg4 1/2-1/2

[Event "BL2-West 1213"]
[Site "Germany"]
[Date "2013.02.03"]
[Round "6.6"]
[White "Hoellmann, Ludger"]
[Black "Kotter, Ralf"]
[Result "0-1"]
[WhiteElo "2157"]
[BlackElo "2354"]
[PlyCount "90"]
[EventDate "2012.10.14"]
[EventType "team-tourn"]
[EventRounds "9"]
[EventCountry "GER"]
[SourceTitle "CBM 154 Extra"]
[Source "ChessBase"]
[SourceDate "2013.06.25"]
[SourceVersion "2"]
[SourceVersionDate "2013.06.25"]
[SourceQuality "1"]
[WhiteTeam "Nordhorn Blanke"]
[BlackTeam "Dortmund Hansa"]
[WhiteTeamCountry "GER"]
[BlackTeamCountry "GER"]

1. d4 Nf6 2. c4 e6 3. Nc3 Bb4 4. Qc2 d5 5. cxd5 exd5 6. Bg5 h6 7. Bh4 c5 8. dxc5 g5 9. Bg3 Ne4 10. e3 Qa5 11. Be5 0-0 12. Bd3 Nc6 13. Bxe4 Nxe5 14. Bxd5 Qxc5 15. 0-0-0 Bg4 16. f3 Qxe3+ 17. Kb1 Bh5 18. Nge2 Bg6 19. Be4 Rac8 20. Bxg6 Nxg6 21. a3 Bxc3 22. Nxc3 Rfd8 23. Qf5 Qf4 24. Qxf4 Nxf4 25. g3 Ne6 26. h4 Kg7 27. hxg5 hxg5 28. Ne4 Kg6 29. Rhf1 Rc6 30. Rxd8 Nxd8 31. Rd1 Ne6 32. Rd7 f5 33. Nc3 Nc5 34. Rd5 b6 35. Nb5 a5 36. Nd4 Rf6 37. Kc2 g4 38. b4 axb4 39. axb4 gxf3 40. Nxf3 Ne4 41. Ne5+ Kg5 42. Nd7 Rc6+ 43. Kd3 Nxg3 44. Ne5 Re6 45. Ke3 Kf6 0-1